| 000 | 00433nam a2200169Ia 4500 | ||
|---|---|---|---|
| 008 | 140626s9999 xx 000 0 und d | ||
| 100 | _aHoop, Honey. | ||
| 245 |
_aDavao Destinations / _cHoney Hoop ... [et al.]. |
||
| 260 | _cc. | ||
| 300 | _a : , page 19 | ||
| 440 | _aYour Guide to Davao Philippines | ||
| 521 | _aTOU | ||
| 650 | _aDavao city. | ||
| 650 | _aFavorite tourist spots. | ||
| 650 | _aTopresorts. | ||
| 942 | _cSE | ||
| 999 |
_c121130 _d121130 |
||